| 000 | 00738nam a2200241Ia 4500 | ||
|---|---|---|---|
| 003 | OSt | ||
| 005 | 20230401091917.0 | ||
| 008 | 210423s2008 xx 000 0 und d | ||
| 020 | _a9780748633975 | ||
| 040 | _cAL | ||
| 041 | _aeng | ||
| 082 | _a330 BROP | ||
| 100 |
_aBROWN (Peter G) _981333 |
||
| 245 | _aEthics economics and international relations: transparent sovereignty in the commonwealth of life | ||
| 250 | _a2 | ||
| 260 |
_aEdinburgh _bEdinburgh University Press _c2008 |
||
| 300 |
_axvi,221 _bPB |
||
| 365 |
_b1677 _cINR |
||
| 650 |
_aEconomics _981334 |
||
| 650 |
_aEconomics _981334 |
||
| 906 | _acommonwealth ; economics ; Ethics ; international ; life ; relations: ; sovereignty ; transparent | ||
| 942 |
_2ddc _cBK |
||
| 999 |
_c157759 _d157759 |
||